How to do business in Poland.
| Corporate Author: | |
|---|---|
| Format: | Book |
| Published: |
[S.I]:
Ministry of Economic Affairs,
2007.
|
| Subjects: |
| LEADER | 00468cam a2200145 7i4500 | ||
|---|---|---|---|
| 001 | 0000020765 | ||
| 005 | 20080229090000.0 | ||
| 090 | 0 | 0 | |a CD 338.7 |b MIN[POLD] |
| 110 | 2 | 0 | |a Ministry of Economic Affairs |
| 245 | 0 | 0 | |a How to do business in Poland. |
| 260 | 0 | 0 | |a [S.I]: |b Ministry of Economic Affairs, |c 2007. |
| 300 | # | # | |a Electronic computer optical disc[CD-ROM]. |
| 650 | 0 | 0 | |a Business -- |z Poland |
| 651 | 0 | 0 | |a Poland |
| 999 | |a CDR000647H |b CD-ROM |c AV Collection |e Business Information Centre | ||